| 000 | 00000nam##2200000za#4500 |
| 001 | 9.642939 |
| 003 | CaOODSP |
| 005 | 20210624223935 |
| 007 | cr ||||||||||| |
| 008 | 150407|2007||||xxc|||||o f|0| 0 fre|d |
| 040 | |aCaOODSP|bfre |
| 043 | |an-cn--- |
| 086 | 1 |aEn14-122/2007F-PDF |
| 110 | 1 |aCanada. |bEnvironnement Canada. |
| 245 | 10|aRapport initial du Canada selon le Protocole de Kyoto : |h[ressource électronique]|bfaciliter le calcul de la quantité attribuée et démontrer la capacité du Canada à rendre compte de ses émissions et de la quantité attribuée en vertu de l'article 7, paragraphe 4, du Protocole de Kyoto |
| 260 | |aOttawa - Ontario : |bEnvironnement Canada |c[2007]. |
| 300 | |a31p.|bfigures en couleur |
| 590 | |a14-08-Supp|b2014-04-10 |
| 691 | 07|aPollution atmosphérique|2gcpds |
| 691 | 07|aProtection de l'environnement|2gcpds |
| 775 | 08|tCanada's initial report under the Kyoto Protocol : |w(CaOODSP)9.698896 |
| 856 | 40|ahttp://publications.gc.ca|qPDF|s168 Ko|uhttps://publications.gc.ca/collections/collection_2014/ec/En14-122-2007-fra.pdf |